| 000 | 00582nam a2200193Ia 4500 | ||
|---|---|---|---|
| 005 | 20220516093559.0 | ||
| 008 | 210716s2015 xx 000 0 und d | ||
| 020 | _a9789351503903 | ||
| 040 | _cAIMIT LIBRARY | ||
| 041 | _aeng | ||
| 082 |
_a658.827 _21 _bAAKD |
||
| 100 |
_aAaker, David. _937111 |
||
| 245 |
_aAaker on branding : _b20 principles that drive success / _cBy David Aaker. |
||
| 250 | _a1st ed. | ||
| 260 |
_aNew Delhi : _bSage Publications , _c2015. |
||
| 300 |
_axiv, 235p. ; _c21.5 cm. |
||
| 650 |
_aBrand Management _937112 |
||
| 942 |
_2ddc _cBK _e1st _k658.827 AAKD |
||
| 999 |
_c211208 _d211208 |
||